El método hipotético deductivo y la lógica

Сохранить в:
Библиографические подробности
Главный автор: Klimovsky, Gregorio
Формат:
Язык:Undetermined
Опубликовано: Buenos Aires, Argentina Instituto Nacional para el mejoramiento de la Enseñanza de las Ciencias, [s.f.]
Предметы:
Метки: Добавить метку
Нет меток, Требуется 1-ая метка записи!

MARC

LEADER 00000nam a2200000Ia 4500
008 170316s9999 xx 000 0 und d
090 |a 100 K-12m 
100 |a Klimovsky, Gregorio 
245 |a El método hipotético deductivo y la lógica 
260 |a Buenos Aires, Argentina 
260 |b Instituto Nacional para el mejoramiento de la Enseñanza de las Ciencias, 
260 |c [s.f.] 
300 |a 24 páginas 
650 |a FILOSOFÍA 
650 |a LÓGICA 
999 |c 16630  |d 16630 
040 |a cru BVZT 
942 |c 15 D  |h 100 K-12m  |2 z